000 00377nam a2200121Ia 4500
008 180305s9999 xx 000 0 und d
020 _a9780323462242
100 _aRosenthal, Ken S.
245 _cPatrick R. Murray, Ken S. Rosenthal, Michael A. Pfaller
_aMedical Microbiology and Immunology/
250 _a2nd ed.
260 _aNetherland
_bElsevier
_c2017
300 _a192 Pages
999 _c356071
_d356071